[Event "4NCL Online Division 3"]
[Site "online"]
[Date "2021.09.07"]
[EventDate "2021.09.07"]
[Round "2.84"]
[White "Amos, Michael"]
[WhiteElo "1877"]
[WhiteTeam "Farnham A"]
[Black "Reekie-Black, Matthew"]
[BlackElo "1601"]
[BlackTeam "Stroud Oldies"]
[Result "1-0"]
[PlyCount "45"]

1. e4 c6 2. d4 d5 3. exd5 cxd5 4. Nf3 Bg4 5. Bb5+ Bd7 6. Bxd7+ Nxd7 7. O-O e6 8. Bf4 Rc8 9. c4 dxc4 10. d5 exd5 11. Re1+ Ne7 12. Nc3 Nb6 13. Nb5 Rc6 14. Qe2 Re6 15. Nc7+ Kd7 16. Nxe6 fxe6 17. Qxe6+ Ke8 18. Ne5 Qc8 19. Qf7+ Kd8 20. Rad1 Qf5 21. Qxf5 Nxf5 22. Nf7+ Kc8 23. Nxh8 1-0

[Event "4NCL Online Division 3"]
[Site "online"]
[Date "2021.09.07"]
[EventDate "2021.09.07"]
[Round "2.91"]
[White "Eedle, Eric F"]
[WhiteElo "1864"]
[WhiteTeam "Barnet Knights B"]
[Black "Ellames, Roy"]
[BlackElo "2027"]
[BlackTeam "Spirit of Atticus B"]
[Result "0-1"]
[PlyCount "48"]

1. d4 d5 2. c4 e6 3. Nc3 c5 4. cxd5 exd5 5. Nf3 Nc6 6. e3 Nf6 7. Bb5 Bd6 8. Ne5 O-O 9. f4 cxd4 10. exd4 Qb6 11. Bxc6 bxc6 12. O-O Bf5 13. Kh1 Rac8 14. Na4 Qb5 15. Be3 Ne4 16. Rc1 f6 17. Nf3 Rfe8 18. Nh4 Be6 19. f5 Bf7 20. Bf4 Bxf4 21. Rxf4 Nd6 22. b3 Qe2 23. Nc5 Qxa2 24. Rc2 Qxc2 0-1

[Event "4NCL Online Division 3"]
[Site "online"]
[Date "2021.09.07"]
[EventDate "2021.09.07"]
[Round "2.92"]
[White "Hall, John"]
[WhiteElo "2056"]
[WhiteTeam "Spirit of Atticus B"]
[Black "Vyas, Alisha"]
[BlackElo "1725"]
[BlackTeam "Barnet Knights B"]
[Result "1/2-1/2"]
[PlyCount "98"]

1. e4 c5 2. Nf3 d6 3. c3 Nf6 4. Bd3 g6 5. Bc2 Bg7 6. d4 cxd4 7. cxd4 O-O 8. Nc3 Nc6 9. O-O Bg4 10. Be3 Nh5 11. Qd2 Bxf3 12. gxf3 a6 13. Rad1 Rc8 14. Ne2 b5 15. Bb1 Na5 16. b3 Nc6 17. Ng3 Nf6 18. Kg2 Qd7 19. h4 h5 20. Rg1 Rfd8 21. Kh2 e5 22. d5 Nd4 23. Bxd4 exd4 24. Nf5 gxf5 25. Rxg7+ Kxg7 26. Qg5+ Kh7 27. Qxf6 Rc3 28. e5 Rxf3 29. Rg1 Rg8 30. Rxg8 Kxg8 31. Kg2 dxe5 32. Kxf3 Qxd5+ 33. Ke2 e4 34. Qg5+ Kf8 35. Qxh5 d3+ 36. Kd2 Qe5 37. Qh6+ Ke7 38. Qg5+ Ke6 39. Bxd3 exd3 40. Kxd3 Qe4+ 41. Kd2 Qd4+ 42. Ke2 Qb4 43. Qe3+ Kf6 44. Qb6+ Ke7 45. Qxa6 Qe4+ 46. Kd2 Qd4+ 47. Ke2 Qe4+ 48. Kd2 Qd4+ 49. Ke2 Qe4+ 1/2-1/2

[Event "4NCL Online Division 3"]
[Site "online"]
[Date "2021.09.07"]
[EventDate "2021.09.07"]
[Round "2.93"]
[White "Sanfey, Gregor"]
[WhiteElo "1660"]
[WhiteTeam "Barnet Knights B"]
[Black "Bimpson, Tom"]
[BlackElo "1959"]
[BlackTeam "Spirit of Atticus B"]
[Result "1-0"]
[PlyCount "77"]

1. Nf3 d6 2. d4 Nd7 3. Bf4 Ngf6 4. e3 Nh5 5. Bg3 g6 6. Bc4 Nxg3 7. hxg3 Nb6 8. Bb3 Bg4 9. Bxf7+ Kxf7 10. Ng5+ Kg8 11. Qxg4 Qd7 12. Ne6 Nd5 13. Nd2 Nf6 14. Qh3 Rd8 15. Nf3 Re8 16. O-O-O h5 17. Nfg5 Bh6 18. Nxc7 Bxg5 19. Qxd7 Nxd7 20. Nxe8 Kf7 21. Nc7 Nb6 22. Nb5 a6 23. Nc3 d5 24. g4 e6 25. gxh5 gxh5 26. g4 h4 27. f4 Be7 28. e4 dxe4 29. Nxe4 Nd5 30. c4 Ne3 31. Rd3 Nxg4 32. d5 Rc8 33. Rc3 Bb4 34. a3 Bxc3 35. Nd6+ Kg6 36. Nxc8 Bf6 37. dxe6 Nf2 38. Rg1+ Kf5 39. e7 1-0

[Event "4NCL Online Division 3"]
[Site "online"]
[Date "2021.09.07"]
[EventDate "2021.09.07"]
[Round "2.94"]
[White "Buckley, Colm"]
[WhiteElo "1910"]
[WhiteTeam "Spirit of Atticus B"]
[Black "Grose, Kameron"]
[BlackElo "1595"]
[BlackTeam "Barnet Knights B"]
[Result "1/2-1/2"]
[PlyCount "63"]

1. c4 c5 2. Nc3 d6 3. g3 Nf6 4. Bg2 e6 5. Nf3 Nc6 6. O-O Be7 7. d4 O-O 8. d5 exd5 9. cxd5 Nb8 10. e4 Bg4 11. Re1 Nbd7 12. Qc2 a6 13. a4 Re8 14. Bf4 Nh5 15. Bd2 Qc7 16. h3 Bxf3 17. Bxf3 Nhf6 18. Bf4 Rab8 19. a5 Bf8 20. Be2 Ne5 21. Bxe5 Rxe5 22. Bc4 Qd7 23. Kg2 g6 24. f4 Re7 25. Re2 Rbe8 26. Rae1 Qc7 27. Qa4 Bh6 28. Bd3 Nh5 29. Rf1 Nf6 30. Rfe1 Nh5 31. Rf1 Nf6 32. Rfe1 1/2-1/2

[Event "4NCL Online Division 3"]
[Site "online"]
[Date "2021.09.07"]
[EventDate "2021.09.07"]
[Round "2.101"]
[White "O'Neill, Richard"]
[WhiteElo "1596"]
[WhiteTeam "Harrow 3"]
[Black "Tennyson, John"]
[BlackElo "1977"]
[BlackTeam "Hackney Thirsty"]
[Result "0-1"]
[PlyCount "78"]

1. e4 Nf6 2. e5 Nd5 3. c4 Nb6 4. d4 d6 5. exd6 cxd6 6. Nf3 Bg4 7. Be2 Nc6 8. b3 g6 9. Bb2 Bg7 10. Na3 O-O 11. O-O Re8 12. Nc2 e5 13. d5 Ne7 14. Nd2 Bxe2 15. Qxe2 Rc8 16. Ne4 f5 17. Ng5 Nexd5 18. cxd5 Qxg5 19. Rfd1 f4 20. Qe4 Nd7 21. f3 Nc5 22. Qe2 e4 23. Bxg7 Kxg7 24. Ne1 e3 25. Rac1 Qe5 26. Kf1 a6 27. Kg1 g5 28. h3 Kf7 29. Qc2 Kg8 30. Qe2 Nd7 31. Nd3 Qf5 32. Rxc8 Rxc8 33. Nb2 Rc2 34. Qxc2 Qxc2 35. Rc1 Qxc1+ 36. Kh2 Qxb2 37. Kg1 e2 38. Kf2 Ne5 39. Ke1 Nd3# 0-1

[Event "4NCL Online Division 3"]
[Site "online"]
[Date "2021.09.07"]
[EventDate "2021.09.07"]
[Round "2.102"]
[White "Wright, Robert"]
[WhiteElo "1969"]
[WhiteTeam "Hackney Thirsty"]
[Black "Nettleton, Robin"]
[BlackElo "1394"]
[BlackTeam "Harrow 3"]
[Result "1-0"]
[PlyCount "35"]

1. e4 e5 2. Nf3 Nc6 3. d4 exd4 4. Bc4 d6 5. Nxd4 Nxd4 6. Qxd4 Qf6 7. Qd3 Be6 8. Nc3 Bxc4 9. Qxc4 c6 10. h4 h6 11. Be3 Qe6 12. Qb4 Qd7 13. O-O-O d5 14. Qb3 Nf6 15. exd5 Nxd5 16. Nxd5 cxd5 17. Rxd5 Qc6 18. Re1 1-0

[Event "4NCL Online Division 3"]
[Site "online"]
[Date "2021.09.07"]
[EventDate "2021.09.07"]
[Round "2.103"]
[White "Dilukshan, Manoharan"]
[WhiteElo "1392"]
[WhiteTeam "Harrow 3"]
[Black "Robinson, Adam"]
[BlackElo "1982"]
[BlackTeam "Hackney Thirsty"]
[Result "0-1"]
[PlyCount "68"]

1. e4 c5 2. Nf3 g6 3. Bc4 Bg7 4. O-O Nc6 5. Re1 Nf6 6. d3 O-O 7. Bg5 a6 8. Bxf6 Bxf6 9. Nc3 b5 10. Bd5 Rb8 11. Rb1 Bb7 12. a3 e6 13. Bxc6 Bxc6 14. Ne2 d5 15. e5 Bg7 16. c3 d4 17. cxd4 Bxf3 18. gxf3 cxd4 19. Nc1 Qg5+ 20. Kh1 Bxe5 21. Rg1 Qf4 22. Rg2 Rfc8 23. Ne2 Qxf3 24. Qg1 h5 25. Ng3 h4 26. Ne4 h3 27. Ng5 hxg2+ 28. Qxg2 Qxg2+ 29. Kxg2 Rc2 30. Kf3 Rbc8 31. Re1 Bg7 32. Re2 Rxe2 33. Kxe2 Rc2+ 34. Kd1 Rxb2 0-1

[Event "4NCL Online Division 3"]
[Site "online"]
[Date "2021.09.07"]
[EventDate "2021.09.07"]
[Round "2.104"]
[White "Ciesielski, Marceli"]
[WhiteElo "1777"]
[WhiteTeam "Hackney Thirsty"]
[Black "Walker, David J R"]
[BlackElo "1282"]
[BlackTeam "Harrow 3"]
[Result "1-0"]
[PlyCount "63"]

1. d4 d5 2. Bf4 e6 3. e3 a6 4. Nf3 Nd7 5. Bd3 c5 6. c3 b6 7. Nbd2 Ngf6 8. h4 g6 9. e4 dxe4 10. Nxe4 Bb7 11. Qe2 Be7 12. Nd6+ Bxd6 13. Bxd6 Rc8 14. Ng5 Nd5 15. c4 Nf8 16. dxc5 bxc5 17. cxd5 Qxd6 18. dxe6 Nxe6 19. Nxe6 fxe6 20. O-O O-O 21. Bc4 Rce8 22. Rfe1 Bc8 23. Rad1 Qb6 24. b3 a5 25. h5 gxh5 26. Qxh5 Qc7 27. Re5 Qf7 28. Qxf7+ Rxf7 29. Rxc5 Ref8 30. f3 Rg7 31. Rxc8 Rxc8 32. Bxe6+ 1-0

[Event "4NCL Online Division 3"]
[Site "online"]
[Date "2021.09.07"]
[EventDate "2021.09.07"]
[Round "2.111"]
[White "Kynoch, Richard"]
[WhiteElo "1862"]
[WhiteTeam "Dundee City B"]
[Black "Murphy, James A"]
[BlackElo "1960"]
[BlackTeam "Urmston and Stretford"]
[Result "1/2-1/2"]
[PlyCount "63"]

1. e4 c5 2. Nc3 Nc6 3. Bb5 Nd4 4. Nf3 Nxb5 5. Nxb5 g6 6. d4 Bg7 7. O-O a6 8. Nc3 cxd4 9. Nxd4 d6 10. Be3 Nf6 11. f3 O-O 12. Qe1 b5 13. Rd1 Qc7 14. Qh4 Rd8 15. Rfe1 b4 16. Nd5 Nxd5 17. exd5 e5 18. dxe6 fxe6 19. Bg5 Re8 20. Bf6 Bd7 21. Bxg7 Kxg7 22. Ne2 d5 23. Qxb4 Qxc2 24. Rc1 Qa4 25. Qd6 Rac8 26. b3 Qb5 27. Nd4 Qb7 28. Rcd1 Kf7 29. Qf4+ Kg7 30. Qd6 Kf7 31. Qf4+ Kg7 32. Qd6 1/2-1/2

[Event "4NCL Online Division 3"]
[Site "online"]
[Date "2021.09.07"]
[EventDate "2021.09.07"]
[Round "2.112"]
[White "Whalley, Mark E"]
[WhiteElo "1739"]
[WhiteTeam "Urmston and Stretford"]
[Black "Prieto Alvarez, Miguel Angel"]
[BlackElo "1800"]
[BlackTeam "Dundee City B"]
[Result "0-1"]
[PlyCount "32"]

1. d4 Nf6 2. e3 d5 3. Bd3 c5 4. c3 c4 5. Bc2 Nc6 6. Nd2 e5 7. dxe5 Nxe5 8. Ngf3 Bd6 9. Ba4+ Nc6 10. Nd4 Bd7 11. Nxc6 Bxc6 12. Bxc6+ bxc6 13. Qa4 Qc7 14. Nf3 O-O 15. b3 Ne4 16. Bb2 Nc5 0-1

[Event "4NCL Online Division 3"]
[Site "online"]
[Date "2021.09.07"]
[EventDate "2021.09.07"]
[Round "2.113"]
[White "Babin, Andre"]
[WhiteElo "1863"]
[WhiteTeam "Dundee City B"]
[Black "Sumner, Stuart"]
[BlackElo "1501"]
[BlackTeam "Urmston and Stretford"]
[Result "1-0"]
[PlyCount "73"]

1. c4 Nf6 2. Nc3 e6 3. g3 Nc6 4. Nf3 b6 5. Bg2 Bb7 6. O-O a6 7. d4 d5 8. Bg5 dxc4 9. Ne5 Qd6 10. Nxc4 Qd7 11. Ne5 Qd6 12. Qa4 b5 13. Nxb5 axb5 14. Qxb5 O-O-O 15. Nxc6 Bxc6 16. Bxc6 Rd7 17. Bxf6 gxf6 18. Bxd7+ Qxd7 19. Qxd7+ Kxd7 20. a4 Bb4 21. Rfc1 Ra8 22. Rc4 Ba5 23. b4 Bb6 24. e3 Kd6 25. Rcc1 c6 26. Kf1 e5 27. dxe5+ fxe5 28. Rd1+ Ke6 29. a5 Ba7 30. Rac1 Rc8 31. b5 c5 32. b6 Bb8 33. a6 Ba7 34. bxa7 Ra8 35. Rxc5 Rxa7 36. Ra5 f5 37. Rb1 1-0

[Event "4NCL Online Division 3"]
[Site "online"]
[Date "2021.09.07"]
[EventDate "2021.09.07"]
[Round "2.114"]
[White "Bellis, Dave"]
[WhiteElo "1423"]
[WhiteTeam "Urmston and Stretford"]
[Black "Dawson, Euan"]
[BlackElo "1847"]
[BlackTeam "Dundee City B"]
[Result "0-1"]
[PlyCount "84"]

1. d4 Nf6 2. e3 d6 3. Bd3 e5 4. Nd2 Nc6 5. c3 d5 6. dxe5 Nxe5 7. Ndf3 Nxd3+ 8. Qxd3 Bd6 9. h3 O-O 10. Ne2 c5 11. c4 dxc4 12. Qxc4 Be6 13. Qc2 Bd5 14. Nc3 Bc6 15. Bd2 b5 16. a3 Qe7 17. Qd3 Rab8 18. O-O Bxf3 19. gxf3 Rfd8 20. Qe2 Qe5 21. f4 Qf5 22. Qf3 Bxf4 23. Qxf4 Qxf4 24. exf4 Rxd2 25. Rab1 b4 26. axb4 Rxb4 27. Rfd1 Rxd1+ 28. Rxd1 g6 29. Rd2 Rxf4 30. Kg2 Ne4 31. Nxe4 Rxe4 32. Kf3 Rb4 33. Kg3 Kg7 34. Rc2 c4 35. Rd2 a5 36. Rd4 c3 37. bxc3 Rxd4 38. cxd4 a4 39. d5 a3 40. d6 Kf6 41. Kf3 a2 42. d7 Ke7 0-1

[Event "4NCL Online Division 3"]
[Site "online"]
[Date "2021.09.07"]
[EventDate "2021.09.07"]
[Round "2.121"]
[White "Clark, Richard"]
[WhiteElo "1871"]
[WhiteTeam "Camborne Trevithick"]
[Black "Nunn, John D M"]
[BlackTitle "GM"]
[BlackElo "2573"]
[BlackTeam "Bude Surfers A"]
[Result "1-0"]
[PlyCount "53"]

1. a3 d5 2. Nf3 g6 3. c4 Nf6 4. cxd5 Nxd5 5. e4 Nb6 6. d4 Bg7 7. Bb5+ N8d7 8. O-O O-O 9. a4 a5 10. Be3 Nf6 11. Nc3 c6 12. Be2 Bg4 13. Qb3 Nfd7 14. h3 Bxf3 15. Bxf3 Qc7 16. Rac1 Rac8 17. e5 Kh8 18. h4 Qd8 19. h5 gxh5 20. Bxh5 e6 21. Ne4 Qh4 22. g4 h6 23. Kg2 f5 24. exf6 Nxf6 25. Rh1 Qxh1+ 26. Rxh1 Nxe4 27. Qxb6 1-0

[Event "4NCL Online Division 3"]
[Site "online"]
[Date "2021.09.07"]
[EventDate "2021.09.07"]
[Round "2.122"]
[White "Fink-Nunn, Petra"]
[WhiteTitle "WFM"]
[WhiteElo "2064"]
[WhiteTeam "Bude Surfers A"]
[Black "Williams, Philip J"]
[BlackElo "1834"]
[BlackTeam "Camborne Trevithick"]
[Result "1-0"]
[PlyCount "75"]

1. e4 e5 2. f4 d5 3. exd5 exf4 4. Nf3 Nf6 5. Bb5+ c6 6. dxc6 Nxc6 7. d4 Bd6 8. O-O O-O 9. Nbd2 Bg4 10. c3 a6 11. Bd3 Re8 12. Re1 Qc7 13. Ne4 Nxe4 14. Bxe4 h6 15. Qd3 Rad8 16. Bd2 b5 17. Kh1 Be6 18. b3 Bg4 19. Nh4 Ne7 20. Nf5 Nxf5 21. Bxf5 Bxf5 22. Qxf5 Qc8 23. Rxe8+ Rxe8 24. Qxc8 Rxc8 25. Kg1 g5 26. Kf2 Kg7 27. a4 b4 28. c4 a5 29. Kf3 f5 30. Re1 Kf6 31. g3 fxg3 32. hxg3 Bb8 33. d5 Be5 34. Be3 Bc3 35. Re2 Be5 36. Bb6 Ra8 37. c5 Ra6 38. Bd8+ 1-0

[Event "4NCL Online Division 3"]
[Site "online"]
[Date "2021.09.07"]
[EventDate "2021.09.07"]
[Round "2.123"]
[White "George, Ian M"]
[WhiteElo "1844"]
[WhiteTeam "Camborne Trevithick"]
[Black "Lingard, Geoffrey W"]
[BlackElo "1743"]
[BlackTeam "Bude Surfers A"]
[Result "0-1"]
[PlyCount "48"]

1. e4 d5 2. exd5 Nf6 3. d4 Nxd5 4. c4 Nb4 5. Qa4+ N8c6 6. d5 b5 7. cxb5 Bf5 8. Na3 Qxd5 9. bxc6 Qe4+ 10. Kd1 Qd4+ 11. Bd2 Rd8 12. Nf3 Qxb2 13. Rc1 Nxa2 14. Qc4 Be6 15. Qc5 Bb3+ 16. Ke1 e6 17. Nc4 Qxc1+ 18. Bxc1 Bxc5 19. Bd2 O-O 20. Be2 Nb4 21. Bxb4 Bxb4+ 22. Kf1 Bxc4 23. g3 Bd5 24. Kg2 a5 0-1

[Event "4NCL Online Division 3"]
[Site "online"]
[Date "2021.09.07"]
[EventDate "2021.09.07"]
[Round "2.124"]
[White "Constable, John"]
[WhiteElo "1513"]
[WhiteTeam "Bude Surfers A"]
[Black "Morgan, Jamie"]
[BlackElo "1754"]
[BlackTeam "Camborne Trevithick"]
[Result "0-1"]
[PlyCount "96"]

1. Nf3 c5 2. c4 Nc6 3. g3 g6 4. Bg2 Bg7 5. O-O e6 6. Nc3 d6 7. e3 Nge7 8. d4 O-O 9. dxc5 dxc5 10. Qe2 a6 11. Rd1 Qc7 12. e4 e5 13. Be3 Nd4 14. Bxd4 exd4 15. Nd5 Nxd5 16. exd5 Bd7 17. Qd2 Rae8 18. Re1 b5 19. b3 Bf5 20. Rxe8 Rxe8 21. Re1 Qd8 22. Rxe8+ Qxe8 23. Bf1 Qe4 24. Qe2 bxc4 25. bxc4 Qxe2 26. Bxe2 Bb1 27. a3 d3 28. Bf1 Bc3 29. d6 Kf8 30. Ng5 h6 31. Ne4 Bd4 32. Nd2 Bc2 33. Kg2 f5 34. Kf3 Bd1+ 35. Kf4 Bg4 36. h4 Be2 37. Bg2 Bxf2 38. Bf3 Kf7 39. d7 Ke7 40. h5 g5+ 41. Kxf5 Bxf3 42. Nxf3 Bxg3 43. Kg6 Bf4 44. Kxh6 d2 45. Nxd2 Bxd2 46. Kg7 g4 47. h6 Bxh6+ 48. Kxh6 g3 0-1

[Event "4NCL Online Division 3"]
[Site "online"]
[Date "2021.09.07"]
[EventDate "2021.09.07"]
[Round "2.132"]
[White "Tait, Bill"]
[WhiteElo "1649"]
[WhiteTeam "Bradford DCA Knights B"]
[Black "Keerthi Kumar, Advait"]
[BlackElo "1415"]
[BlackTeam "Watford Juniors A"]
[Result "0-1"]
[PlyCount "72"]

1. e4 e6 2. d4 d5 3. exd5 exd5 4. Bd3 Nf6 5. Nf3 Bd6 6. Bg5 O-O 7. O-O c6 8. c3 Bg4 9. Nbd2 Nbd7 10. Qc2 h6 11. Bh4 Qc7 12. Bg3 Rad8 13. Rfe1 Rfe8 14. Bxd6 Qxd6 15. h3 Be6 16. Ne5 b6 17. b4 c5 18. Nxd7 Bxd7 19. bxc5 bxc5 20. Bf5 cxd4 21. Rxe8+ Rxe8 22. Bxd7 Qxd7 23. cxd4 Nh5 24. Nf3 Nf4 25. Rd1 Re2 26. Rd2 Re6 27. Kh2 Rg6 28. g4 Qd6 29. Ne5 Rf6 30. Qc8+ Kh7 31. Qc5 Qd8 32. Qxa7 Ne6 33. Nxf7 Qf8 34. Ne5 Rxf2+ 35. Rxf2 Qxf2+ 36. Kh1 Nf4 0-1

[Event "4NCL Online Division 3"]
[Site "online"]
[Date "2021.09.07"]
[EventDate "2021.09.07"]
[Round "2.133"]
[White "Demjan, Denisz"]
[WhiteElo "1383"]
[WhiteTeam "Watford Juniors A"]
[Black "Adam, David W"]
[BlackElo "1603"]
[BlackTeam "Bradford DCA Knights B"]
[Result "1/2-1/2"]
[PlyCount "89"]

1. e4 c5 2. Nc3 Nc6 3. Nf3 d6 4. d3 Nf6 5. h3 e6 6. a3 Be7 7. Be2 a6 8. Bd2 O-O 9. O-O b5 10. Rc1 Bb7 11. Na2 a5 12. b3 b4 13. a4 Ba6 14. c4 Qc7 15. Bf4 e5 16. Bg3 Rae8 17. Nh2 Nd4 18. f4 exf4 19. Bxf4 Bc8 20. Be3 Ne6 21. Nf3 Bb7 22. Bf2 Nh5 23. Nh4 Nhf4 24. Nf5 Nxe2+ 25. Qxe2 Bf6 26. Bg3 Nd4 27. Qd1 Be5 28. Bxe5 dxe5 29. Qg4 Nxf5 30. exf5 f6 31. Rcd1 Rd8 32. Nc1 Rd4 33. Qg3 Rfd8 34. Ne2 R4d6 35. h4 Qd7 36. Nc1 e4 37. Ne2 exd3 38. Nf4 d2 39. Ne6 Rxe6 40. fxe6 Qxe6 41. Qf4 Qe2 42. Qf2 Qd3 43. Qxc5 Qe2 44. Qf2 Qd3 45. Qb6 1/2-1/2

[Event "4NCL Online Division 3"]
[Site "online"]
[Date "2021.09.07"]
[EventDate "2021.09.07"]
[Round "2.134"]
[White "Gallagher, Dominic"]
[WhiteElo "1595"]
[WhiteTeam "Bradford DCA Knights B"]
[Black "McKechnie, Joel"]
[BlackElo "1303"]
[BlackTeam "Watford Juniors A"]
[Result "1-0"]
[PlyCount "149"]

1. d4 d5 2. Bf4 c5 3. e3 Nc6 4. Nf3 Bg4 5. c3 g6 6. Nbd2 Bg7 7. Qa4 cxd4 8. exd4 Nf6 9. Ne5 Bd7 10. Nxd7 Nxd7 11. Nf3 O-O 12. Be2 a6 13. O-O e5 14. dxe5 Ndxe5 15. Nxe5 Nxe5 16. Rad1 Nc6 17. Bf3 Ne7 18. Qb3 Qd7 19. Bxd5 Nxd5 20. Qxd5 Qxd5 21. Rxd5 Rfe8 22. Rfd1 b5 23. Be3 Rab8 24. g3 Ra8 25. Bd4 Rab8 26. Bxg7 Kxg7 27. Kg2 Ra8 28. R1d2 Rab8 29. Rd6 Ra8 30. Rd7 h6 31. h3 h5 32. h4 Kg8 33. Kf1 Kf8 34. Re2 Rxe2 35. Kxe2 Re8+ 36. Kd2 Re6 37. Rd8+ Kg7 38. b3 Rf6 39. Ke3 Re6+ 40. Kf3 Rf6+ 41. Kg2 Re6 42. Rd2 Rc6 43. Rc2 Rc5 44. c4 bxc4 45. Rxc4 Ra5 46. a4 Rd5 47. b4 Rd8 48. b5 axb5 49. axb5 Rb8 50. Rb4 Kf6 51. Kf3 Kf5 52. b6 Ke6 53. Ke4 Kd6 54. b7 Kc6 55. Ke5 Rxb7 56. Rxb7 Kxb7 57. Kf6 Kc6 58. Kxf7 Kd5 59. Kf6 Ke4 60. Kxg6 Kf3 61. Kxh5 Kxf2 62. Kg6 Kxg3 63. h5 Kf3 64. h6 Ke4 65. h7 Kd4 66. h8=Q+ Kc5 67. Qd8 Kc6 68. Kf6 Kc5 69. Ke6 Kc4 70. Qd5+ Kc3 71. Ke5 Kb4 72. Qc6 Ka5 73. Qb7 Ka4 74. Kd4 Ka3 75. Kc3 1-0

[Event "4NCL Online Division 3"]
[Site "online"]
[Date "2021.09.07"]
[EventDate "2021.09.07"]
[Round "2.141"]
[White "Du Toit, Reenen J"]
[WhiteElo "1863"]
[WhiteTeam "Wessex Some Stars D"]
[Black "Dobbie, Graham"]
[BlackElo "1823"]
[BlackTeam "East Kilbride Strollers"]
[Result "1-0"]
[PlyCount "65"]

1. c4 e5 2. Nc3 Nf6 3. g3 Bb4 4. Bg2 O-O 5. d3 Bxc3+ 6. bxc3 c6 7. Bg5 h6 8. Bxf6 Qxf6 9. e4 d6 10. Ne2 Bg4 11. h3 Bf3 12. O-O Nd7 13. Bxf3 Qxf3 14. Nc1 Qxd1 15. Rxd1 Nf6 16. Rb1 b6 17. Ne2 Rab8 18. a4 Rfe8 19. f4 d5 20. cxd5 cxd5 21. exd5 Nxd5 22. Rb5 Ne3 23. Rd2 exf4 24. Nxf4 a6 25. Rb1 Rec8 26. Re2 Nf5 27. g4 Nd6 28. Nd5 Kh7 29. Re7 Re8 30. Rd7 Nc8 31. Rxf7 Kg6 32. Rc7 Re2 33. Nf4+ 1-0

[Event "4NCL Online Division 3"]
[Site "online"]
[Date "2021.09.07"]
[EventDate "2021.09.07"]
[Round "2.142"]
[White "Stewart, Alastair G"]
[WhiteElo "1576"]
[WhiteTeam "East Kilbride Strollers"]
[Black "Clancy, Martin J"]
[BlackElo "1847"]
[BlackTeam "Wessex Some Stars D"]
[Result "1/2-1/2"]
[PlyCount "52"]

1. d4 Nf6 2. Nf3 g6 3. e3 Bg7 4. Bd3 d6 5. Nbd2 Nbd7 6. O-O O-O 7. c3 e5 8. e4 c6 9. Nc4 Qc7 10. a4 h6 11. b3 Re8 12. Ba3 c5 13. d5 Nh5 14. g3 Nf8 15. Re1 Nh7 16. Nh4 Qe7 17. Bc1 Ng5 18. Bxg5 hxg5 19. Nf5 gxf5 20. Qxh5 fxe4 21. Bxe4 Bd7 22. Qh7+ Kf8 23. Bf5 Rad8 24. Re4 Qf6 25. Ne3 Ke7 26. Bxd7 Kxd7 1/2-1/2

[Event "4NCL Online Division 3"]
[Site "online"]
[Date "2021.09.07"]
[EventDate "2021.09.07"]
[Round "2.143"]
[White "Ursell, Adam R"]
[WhiteElo "1807"]
[WhiteTeam "Wessex Some Stars D"]
[Black "Smith, Bob"]
[BlackElo "1429"]
[BlackTeam "East Kilbride Strollers"]
[Result "1-0"]
[PlyCount "43"]

1. e4 d5 2. exd5 Nf6 3. Nf3 Bg4 4. Be2 Qxd5 5. d4 e6 6. O-O Nc6 7. c4 Qf5 8. h3 Bh5 9. Qb3 Bxf3 10. Bxf3 O-O-O 11. Bxc6 bxc6 12. Be3 c5 13. dxc5 Bxc5 14. Bxc5 Qxc5 15. Nc3 Rd2 16. Nb5 Rhd8 17. Qa4 Kb8 18. b4 Qb6 19. c5 Qb7 20. Na3 Ne4 21. Nc4 R2d7 22. Na5 1-0

[Event "4NCL Online Division 3"]
[Site "online"]
[Date "2021.09.07"]
[EventDate "2021.09.07"]
[Round "2.144"]
[White "Shrestha, Unnabh"]
[WhiteElo "1439"]
[WhiteTeam "East Kilbride Strollers"]
[Black "Coburn, Joseph A"]
[BlackElo "1758"]
[BlackTeam "Wessex Some Stars D"]
[Result "1-0"]
[PlyCount "33"]

1. e4 d6 2. d4 Nf6 3. Nc3 g6 4. Nf3 Bg7 5. Bc4 c6 6. O-O O-O 7. Bg5 Qc7 8. Re1 e5 9. dxe5 dxe5 10. Qe2 b5 11. Bb3 Ba6 12. Qe3 Ng4 13. Qc5 Re8 14. Ne2 Bf8 15. Qc3 b4 16. Qd2 Rd8 17. Qxd8 1-0

[Event "4NCL Online Division 3"]
[Site "online"]
[Date "2021.09.07"]
[EventDate "2021.09.07"]
[Round "2.151"]
[White "Povah, Nigel E"]
[WhiteTitle "IM"]
[WhiteElo "2284"]
[WhiteTeam "Guildford Castles 1"]
[Black "Lambton, David"]
[BlackElo "1891"]
[BlackTeam "Crewe AOL"]
[Result "1-0"]
[PlyCount "93"]

1. d4 d5 2. Bf4 Bf5 3. c4 c6 4. Qb3 Qb6 5. c5 Qxb3 6. axb3 Nd7 7. b4 e6 8. Nc3 Ngf6 9. h3 Be7 10. e3 O-O 11. b5 cxb5 12. Bxb5 a6 13. Be2 Rfc8 14. Nf3 Ne4 15. Nxe4 Bxe4 16. Kd2 Bf6 17. Bd6 Bxf3 18. Bxf3 b6 19. b4 bxc5 20. bxc5 e5 21. Bxd5 exd4 22. exd4 Bxd4 23. Ra4 Bxc5 24. Bxa8 Rxa8 25. Bxc5 Nxc5 26. Rc4 Ne6 27. Rhc1 g6 28. Rc8+ Rxc8 29. Rxc8+ Kg7 30. Ke3 h5 31. h4 Kf6 32. Rc6 a5 33. Ra6 g5 34. hxg5+ Kxg5 35. Rxa5+ f5 36. g3 Kg4 37. Ra6 Ng5 38. Ra4+ Ne4 39. f3+ Kxg3 40. fxe4 f4+ 41. Ke2 Kg2 42. Ra3 h4 43. e5 h3 44. Rxh3 Kxh3 45. Kf3 Kh4 46. e6 Kg5 47. e7 1-0

[Event "4NCL Online Division 3"]
[Site "online"]
[Date "2021.09.07"]
[EventDate "2021.09.07"]
[Round "2.152"]
[White "Lockett, Karl"]
[WhiteElo "1817"]
[WhiteTeam "Crewe AOL"]
[Black "Punnett, Alan K"]
[BlackElo "2084"]
[BlackTeam "Guildford Castles 1"]
[Result "0-1"]
[PlyCount "56"]

1. Nf3 c5 2. c4 g6 3. g3 Bg7 4. Nc3 Nc6 5. Bg2 d6 6. O-O Nf6 7. a3 O-O 8. Rb1 Bf5 9. d3 Qd7 10. Re1 Bh3 11. Bh1 a6 12. Bd2 Rab8 13. b4 cxb4 14. axb4 b5 15. cxb5 axb5 16. Ng5 Bg4 17. Nge4 Nd4 18. Nxf6+ Bxf6 19. Ra1 Rfc8 20. Ra3 Bg7 21. Qa1 Nc2 22. Ra7 Nxa1 23. Rxd7 Bxd7 24. Rxa1 Bxc3 25. Bxc3 Rxc3 26. Bf3 Bc6 27. Bxc6 Rxc6 28. Ra7 e6 0-1

[Event "4NCL Online Division 3"]
[Site "online"]
[Date "2021.09.07"]
[EventDate "2021.09.07"]
[Round "2.153"]
[White "Young, Craig A"]
[WhiteElo "2081"]
[WhiteTeam "Guildford Castles 1"]
[Black "Hulme, David I"]
[BlackElo "1752"]
[BlackTeam "Crewe AOL"]
[Result "1-0"]
[PlyCount "49"]

1. d4 Nf6 2. c4 e6 3. Nf3 c5 4. d5 d6 5. Nc3 exd5 6. cxd5 g6 7. e4 Bg7 8. Bb5+ Bd7 9. a4 a6 10. Bd3 Qe7 11. O-O Bg4 12. h3 Bxf3 13. Qxf3 Nbd7 14. Qe2 Ne5 15. Bc2 h5 16. f4 Ned7 17. e5 dxe5 18. f5 Nf8 19. Bg5 Qd6 20. Bxf6 Bxf6 21. Ne4 Qe7 22. d6 Qd8 23. fxg6 Nd7 24. Nxf6+ Nxf6 25. Qxe5+ 1-0

[Event "4NCL Online Division 3"]
[Site "online"]
[Date "2021.09.07"]
[EventDate "2021.09.07"]
[Round "2.154"]
[White "Layhe, Simon"]
[WhiteElo "1690"]
[WhiteTeam "Crewe AOL"]
[Black "White, Nigel"]
[BlackElo "2018"]
[BlackTeam "Guildford Castles 1"]
[Result "1-0"]
[PlyCount "61"]

1. c4 c5 2. g3 Nc6 3. Bg2 g6 4. Nc3 Bg7 5. e3 e5 6. Nge2 Nge7 7. O-O O-O 8. a3 a5 9. Nd5 d6 10. Nec3 Rb8 11. h4 Be6 12. d3 f5 13. Rb1 Kh8 14. h5 g5 15. h6 Bxh6 16. Qh5 Kg7 17. f4 Bf7 18. Qh2 Nxd5 19. cxd5 Ne7 20. Kf2 exf4 21. gxf4 gxf4 22. e4 Bg6 23. Rh1 Ng8 24. Bf3 Bg5 25. exf5 Bxf5 26. Ne4 h6 27. b4 axb4 28. Nxg5 hxg5 29. Qh8+ Kf7 30. Bh5+ Bg6 31. Qh7+ 1-0